00420 2200169 4500001002100000008004100021035002000062245002800082100002500110260002400135300002200159020002200181084001400203082000800217650001000225990001500235INLIS000000000003250 ind  a0010-1225000071 aRanah PusakacNellaneva aNellaneva, Nellaneva aJakarta :bGramedia a338c12,5x19,5 cm a978-623-00-2504-4 a813 NEL r a813 aFiksi a19725/B/26